000 01186nam a2200337 i 4500
003 EG-GICUC
005 20260310133249.0
008 260122s1975 ua |||fr|||| 00| 0 d
017 _a4354/1974
040 _a EG-GICUC
_bara
_c EG-GICUC
_d EG-GICUC
_erda
041 0 _aAra
082 0 4 _221
_a343.71
_bإ د . م
092 0 4 _221
099 _aLaw1 10 343.71 إ د . م 1975
100 0 _aإدوار غالى الدهبى
_eمؤلف.
245 1 0 _aمبادئ علم العقاب /
_cتأليف الدكتور إدوار غالى الدهبى.
250 _aالطبعة الأولى
264 1 _aليبيا :
_bالمكتبة الوطنية،
_c1975.
264 3 _bدار غريب للطباعة
300 _a193 صفحة؛
_c24 سم.
336 _2rda content
_atext
337 _2rda media
_aComputer
338 _2rda carrier
_aOnline Resource
546 _aالنص باللغة العربية
650 1 _aالقواعد العامة فى علم العقاب
_2qrmak
650 1 _aالقانون الجنائى
_2qrmak
651 1 _2qrmak
856 4 0 _uhttps://fll.law.cu.edu.eg/fulltext/bks/B10-07939.pdf
905 _a54
_eYara
942 _2ddc
_cBK
_e21
_n0
999 _c58714
_d58714